| 000 | 00477nam a2200169Ia 4500 | ||
|---|---|---|---|
| 999 |
_c20868 _d20868 |
||
| 003 | OSt | ||
| 005 | 20200624114138.0 | ||
| 008 | 190216s9999||||xx |||||||||||||| ||und|| | ||
| 020 | _a8125023445 | ||
| 040 | _coclc | ||
| 082 |
_a954.2 _bMAN/A |
||
| 100 |
_aMandal, D _93170 |
||
| 245 | 0 |
_aAyodhya: Archaeology After Demolition / _cD Mandal |
|
| 260 |
_bOrient Longman, _c2003. _aHyderbad: |
||
| 300 | _a66p | ||
| 942 |
_cBK _2ddc _h954.2 _iMAN/A _k954.2 _mMAN/A |
||